Statistics for Formula 1 2022 Driver Standings

Click here to take the quiz!

General Stats

  • This quiz has been taken 65 times
  • The average score is 19 of 22

Answer Stats

PositionPointsDriver% Correct
1st454Max Verstappen
100%
5th246Carlos Sainz Jr.
98%
2nd308Charles Leclerc
98%
4th275George Russell
98%
6th240Lewis Hamilton
98%
3rd305Sergio Pérez
98%
7th122Lando Norris
96%
9th81Fernando Alonso
93%
8th92Esteban Ocon
91%
19th4Alexander Albon
86%
15th18Lance Stroll
86%
20th2Nicholas Latifi
86%
12th37Sebastian Vettel
84%
11th37Daniel Ricciardo
82%
13th25Kevin Magnussen
82%
16th12Mick Schumacher
81%
21st2Nyck de Vries
81%
14th23Pierre Gasly
81%
10th49Valtteri Bottas
81%
17th12Yuki Tsunoda
81%
18th6Zhou Guanyu
81%
22nd0Nico Hülkenberg
72%

Score Distribution

Percentile by Number Answered

Percent of People with Each Score

Your Score History

You have not taken this quiz